Most Streamed K-Pop Artists On Spotify - Statistics

General Stats
  • This quiz has been taken 138 times
  • The average score is 9 of 16
Answer Stats
# Artist Streams % Correct
2 BLACKPINK 13.1B
98%
1 BTS 40.1B
98%
3 TWICE 8.9B
84%
4 Stray Kids 8.6B
77%
7 NewJeans 5.2B
68%
6 SEVENTEEN 6.0B
59%
14 Red Velvet 3.5B
57%
10 ENHYPEN 3.9B
56%
11 EXO 3.7B
56%
16 aespa 2.8B
55%
15 LE SSERAFIM 3.1B
55%
13 (G)I-DLE 3.6B
48%
5 Jung Kook 7.0B
42%
8 Jimin 5.0B
35%
12 V 3.7B
31%
9 TOMORROW X TOGETHER 4.9B
15%
No matching quizzes found
Score Distribution
Percent of People with Each Score
Percentile by Number Answered
Your Score History
You have not taken this quiz